Fireproof - One Direction (All Lyrics) - Statistics

General Stats
  • This quiz has been taken 108 times
  • The average score is 199 of 224
Answer Stats
Lyrics % Correct
fireproof
100%
I
100%
a
98%
so
98%
the
98%
you
98%
you,
98%
and
97%
my
97%
baby,
95%
can't
95%
i'm
95%
I'm
95%
me,
95%
me
95%
be
93%
do
93%
it's
93%
up
93%
we
93%
way
91%
give
90%
gonna
90%
loves
90%
nobody
90%
think
90%
we're
90%
all
88%
been
88%
inside
88%
long,
88%
lose
88%
mind
88%
something
88%
got
86%
of
86%
this
86%
win
86%
yeah,
86%
deep
84%
feeling
83%
i've
83%
knows
83%
'til
83%
'cause
81%
out
81%
roll,
79%
roll
79%
time
79%
taking,
76%
taking
76%
maybe
74%
luck
72%
burning
71%
won't
69%
change
66%
must
64%
than
59%
jet
57%
on
55%
hotter
52%
saves
52%
stream
52%
wind,
47%
riding
28%
No matching quizzes found
Score Distribution
Percent of People with Each Score
Percentile by Number Answered
Your Score History
You have not taken this quiz